Вопросы строительства социализма и коммунизма: в 3 вып.; Вып. I: Грозящая катастрофа и как с ней бороться; Очередные задачи Советской власти; Вып. II: Как организовать соревнование; Великий почин. О героизме рабочих в тылу. По поводу "коммунистических субботников"; Восьмой сьезд РКП(б) 18-23 марта 1919 г. Доклад о партийной программе 19 марта. Заключительное слово по докладу о партийной программе 19 марта; Вып. III: Последние письма и статьи. 23 декабря 1922 г. - 2 марта 1923 г.

Bibliographische Detailangaben
1. Verfasser: Ленин В. И. Владимир Ильич
Zusammenfassung:Авт. указан на корешке
На пер. заг. не указано
В суперобложке
Три книги в одном футляре.
Sprache:Russisch
Veröffentlicht: Москва, Политиздат, 1969
TOC:Вып. I: Грозящая катастрофа и как с ней бороться;
Очередные задачи Советской власти;
Вып. II: Как организовать соревнование;
Великий почин. О героизме рабочих в тылу. По поводу "коммунистических субботников";
Восьмой сьезд РКП(б) 18-23 марта 1919 г. Доклад о партийной программе 19 марта. Заключительное слово по докладу о партийной программе 19 марта;
Вып. III: Последние письма и статьи. 23 декабря 1922 г. - 2 марта 1923 г.;
Schlagworte:
Format: Buch
KOHA link:https://koha.lib.tpu.ru/cgi-bin/koha/opac-detail.pl?biblionumber=373528

MARC

LEADER 00000nam0a2200000 4500
001 373528
005 20231102012556.0
010 |b 2000 экз. 
035 |a (RuTPU)RU\TPU\retro\30958 
035 |a RU\TPU\book\272061 
090 |a 373528 
100 |a 20221216d1969 m y0rusy50 ca 
101 0 |a rus 
102 |a RU 
105 |a c z 001zy 
200 1 |a Вопросы строительства социализма и коммунизма  |e в 3 вып.  |f В. И. Ленин 
210 |a Москва  |c Политиздат  |d 1969 
215 |a 266 с. + 211 с. + 183 с.  |c портр.  |d 10 см. 
300 |a Авт. указан на корешке 
300 |a На пер. заг. не указано 
300 |a В суперобложке 
300 |a Три книги в одном футляре. 
464 |t Вып. I: Грозящая катастрофа и как с ней бороться 
464 |t Очередные задачи Советской власти  
464 |t Вып. II: Как организовать соревнование 
464 |t Великий почин. О героизме рабочих в тылу. По поводу "коммунистических субботников" 
464 |t Восьмой сьезд РКП(б) 18-23 марта 1919 г. Доклад о партийной программе 19 марта. Заключительное слово по докладу о партийной программе 19 марта 
464 |t Вып. III: Последние письма и статьи. 23 декабря 1922 г. - 2 марта 1923 г. 
610 1 |a Россия 
610 1 |a внутренняя политика 
610 1 |a экономическая жизнь 
610 1 |a Октябрьская революция 1917 
610 1 |a Советская власть 
610 1 |a социалистическое строительство 
610 1 |a миниатюрные издания 
675 |a 3К23  |v 3 
675 |a 09  |v 3 
700 1 |a Ленин  |b В. И.  |c настоящая фамилия Ульянов  |c российский политический деятель  |f 1870-1924  |g Владимир Ильич  |2 stltpush  |3 (RuTPU)RU\TPU\pers\1074  |9 486 
801 1 |a RU  |b 63413507  |c 20140210 
801 2 |a RU  |b 63413507  |c 20221216  |g RCR 
942 |c BK